Countryside access: will the reality match the dream? (Record no. 117502)

MARC details
000 -LEADER
fixed length control field 00964cam a2200277 4500
001 - CONTROL NUMBER
control field ABS67967
008 - FIXED-LENGTH DATA ELEMENTS--GENERAL INFORMATION
fixed length control field 040611n2004 000 0 eng u
035 ## - SYSTEM CONTROL NUMBER
System control number (Sirsi) u126461
100 ## - MAIN ENTRY--PERSONAL NAME
Personal name Fewster, J.
245 ## - TITLE STATEMENT
Title Countryside access: will the reality match the dream?
260 ## - PUBLICATION, DISTRIBUTION, ETC.
Date of publication, distribution, etc. 2004
490 ## - SERIES STATEMENT
Series statement Green Places
Volume/sequential designation (06) June 2004, 16-17(2)
520 ## - SUMMARY, ETC.
Summary, etc. Questions whether the implementation of the Countryside and Rights of Way Act 2000 will deliver greater public access to the countryside. Representatives from the Ramblers' Association, the National Farmers' Union and the Association of National Park Authorities give their views.
590 ## - LOCAL NOTE (RLIN)
Local note ABS
590 ## - LOCAL NOTE (RLIN)
Local note ABS
650 ## - SUBJECT ADDED ENTRY--TOPICAL TERM
Topical term or geographic name entry element COUNTRYSIDE AND RIGHTS OF WAY ACT 2000
650 ## - SUBJECT ADDED ENTRY--TOPICAL TERM
Topical term or geographic name entry element PUBLIC ACCESS
650 ## - SUBJECT ADDED ENTRY--TOPICAL TERM
Topical term or geographic name entry element OPEN LAND
650 ## - SUBJECT ADDED ENTRY--TOPICAL TERM
Topical term or geographic name entry element RAMBLERS
650 ## - SUBJECT ADDED ENTRY--TOPICAL TERM
Topical term or geographic name entry element FARMERS
650 ## - SUBJECT ADDED ENTRY--TOPICAL TERM
Topical term or geographic name entry element NATIONAL PARKS
690 ## - LOCAL SUBJECT ADDED ENTRY--TOPICAL TERM (OCLC, RLIN)
Topical term or geographic name as entry element RURAL
9 (RLIN) 6268
700 ## - ADDED ENTRY--PERSONAL NAME
Personal name Clark, A.
700 ## - ADDED ENTRY--PERSONAL NAME
Personal name Eccles, M.
942 ## - ADDED ENTRY ELEMENTS (KOHA)
Suppress in OPAC 0
Holdings
Withdrawn status Lost status Source of classification or shelving scheme Damaged status Not for loan Home library Current library Shelving location Date acquired Total Checkouts Full call number Barcode Date last seen Copy number Price effective from Koha item type
    Dewey Decimal Classification     London London Journal article 11/06/2004   ABS67967 126461-1001 06/08/2019 1 06/08/2019 Journal article